000 00531nam a2200181Ia 4500
008 151018s9999 xx 000 0 und d
082 _bRBASDV6498
_a891.462
100 _aनि व्ही गोगोल
245 _aअंमलदार
250 _b5
260 _bठाकूर आणि कं
_c1963
300 _a80
600 _aनि व्ही गोगोल
630 _aअंमलदार
700 _aनि व्ही गोगोल
730 _aअंमलदार
942 _cBOOK
999 _c1008872
_d1008869